000 003870000a22001450004500
001 004364
003 MACL
040 _aMACL
090 _c16357
_d16356
100 _aShastri, J.L.
245 _aAncient IndianTradition & Mythology Volume 48 Part 1
_bThe Padma P̜urana Part 10
_cJ.L. Shastri
260 _aMotilal Banarsidass Publishers,
_c2002
650 _aReligion
942 _k295
_cBook
999 _c16255
_d16255